Ч. 3 (Запись № 13361013)

Подробности
000 -МАРКЕР
контрольное поле 01727nam2a2200265 4500
001 - ИДЕНТИФИКАТОР ЗАПИСИ
контрольное поле RU\NLR\BIBL_A\022456056
005 - ИДЕНТИФИКАТОР ВЕРСИИ
контрольное поле 20250305155429.0
010 ## - МЕЖДУНАРОДНЫЙ СТАНДАРТНЫЙ НОМЕР КНИГИ (ISBN)
Номер (ISBN) 978-5-93593-353-1
Уточнения ч. 3
021 ## - НОМЕР ГОСУДАРСТВЕННОЙ РЕГИСТРАЦИИ
Код страны Российская Федерация
Номер КН-П-24-080185
Номер Листа государственной регистраци КН-П-24-8008
035 ## - ДРУГИЕ СИСТЕМНЫЕ НОМЕРА
Идентификатор записи (NLR Aleph) 022456056
100 ## - ДАННЫЕ ОБЩЕЙ ОБРАБОТКИ
Данные общей обработки 20250212d2024 k y0rusy50 ca
101 0# - ЯЗЫК РЕСУРСА
Язык текста, звукозаписи и т.д. русский
-- английский
102 ## - СТРАНА ПУБЛИКАЦИИ ИЛИ ПРОИЗВОДСТВА
Страна публикации Российская Федерация
105 ## - ПОЛЕ КОДИРОВАННЫХ ДАННЫХ: ТЕКСТОВЫЕ МАТЕРИАЛЫ, МОНОГРАФИЧЕСКИЕ
Кодированные данные о монографическом текстовом документе y z 000 y
200 0# - ЗАГЛАВИЕ И СВЕДЕНИЯ ОБ ОТВЕТСТВЕННОСТИ
Основное заглавие Ч. 3
Первые сведения об ответственности Министерство образования и науки Республики Татарстан, УВО "Университет управления "ТИСБИ", УПО "Колледж "ТИСБИ" [и др.]
210 ## - ПУБЛИКАЦИЯ, РАСПРОСТРАНЕНИЕ И ДР.
Дата издания, распространения и т.д. 2024
215 ## - ФИЗИЧЕСКАЯ ХАРАКТЕРИСТИКА
Специфическое обозначение материала и объем 325 с.
Другие сведения о физической характеристике ил.
461 #0 - УРОВЕНЬ НАБОРА
Встроенное поле 001RU\NLR\BIBL_A\022442147
-- 2001#$aОбщество, государство, личность: механизмы инновационной деятельности молодежи в решении задач научно-технологического развития$eматериалы XXIV Национальной научно-практической конференции студентов, магистрантов, аспирантов и молодых ученых (Казань, 26 апреля 2024 г.)$eв трех частях$fМинистерство образования и науки Республики Татарстан [и др.]$gпод ред. Ф. Ф. Хамидуллина, А. Н. Грязнова$vЧ. 3
712 02 - НАИМЕНОВАНИЕ ОРГАНИЗАЦИИ - ВТОРИЧНАЯ ОТВЕТСТВЕННОСТЬ
Код отношения Прочие
Начальный элемент ввода "ТИСБИ", университет управления
Структурное подразделение Колледж
Идентифицирующий признак Казань
Системный номер авторитетной/нормативной записи 2655343
Идентификатор авторитетной/нормативной записи RU\NLR\AUTH\880622975
942 ## - ДОПОЛНИТЕЛЬНЫЕ ЭЛЕМЕНТЫ ЗАПИСИ (АБИС)
Тип экземпляра АБИС Книга
980 ## - КОЛЛЕКЦИЯ
Название коллекции Национальная библиография
Экземпляры
Тип экземпляра Дата поступления Источник поступления Библиотека постоянного хранения Библиотека текущего хранения Место хранения Шифр хранения Штрих-код Статус экземпляра
Книга 12.02.2025 Обязательный экземпляр РНБ (Московский) РНБ (Московский) Русский книжный фонд: издания с 1957 года 2025-3/1687 1-4829396  
Книга 12.02.2025 Обязательный экземпляр РНБ (Московский) РНБ (Московский) Русский книжный фонд: издания с 1957 года 2025-3/1687 1-4829395